| 000 | 01126nam a22003617a 4500 | ||
|---|---|---|---|
| 001 | BR6600318 | ||
| 003 | BR-BrBNA | ||
| 005 | 20230928083438.0 | ||
| 007 | ta | ||
| 008 | 230509b bl.||||| |||| 00| 0 por d | ||
| 040 |
_aBR-BrBNA _bpor _cBiblioteca Nacional de Agricultura |
||
| 041 | _a(Por) | ||
| 072 |
_aH70 _b9205 _b3877 _b/G514 |
||
| 090 | _ 9205 BR6600318 | ||
| 100 | 1 | _aVernalha, M.M. | |
| 100 | 1 | _aSoares, S.G. | |
| 100 | 1 | _aRocha, M.A.L. da | |
| 100 | 1 | _aGabardo, J.C. | |
| 110 | 1 |
_aInstituto de Biologia e Pesquisas Tecnologicas, Curitiba, PR (Brasil) _95978 |
|
| 245 | 1 | _aO expurgo [temperatura, umidade, grao, armazenamento, inseticida, defesa vegetal, desinfeccao, Brasil] | |
| 260 | 3 |
_aCuritiba, PR (Brasil): _c1966. |
|
| 300 | _a131 p. | ||
| 500 | _a37 ref.; 59 illus.; 4 graphs. (*) Documento disponível na(o) Biblioteca Publica do Parana, Curitiba (Brazil) | ||
| 650 | _aEXPURGO | ||
| 650 | _aINSETICIDA | ||
| 650 | _aGRAO | ||
| 650 | _aARMAZENAMENTO | ||
| 650 | _aDESINFECCAO | ||
| 650 | _aTEMPERATURA | ||
| 650 | _aUMIDADE | ||
| 909 |
_a202309 _bLucia _c55 _dLucia Elande |
||
| 942 | _cBK | ||
| 999 |
_c13514 _d13514 |
||